[Event "ACT-ch op"]
[Site "Kambah"]
[Date "2000.09.26"]
[Round "9"]
[White "Wicklander, Mathew"]
[Black "Wei, Michael"]
[Result "0-1"]
[WhiteElo "1025"]
[BlackElo "1465"]
[PlyCount "36"]
[EventDate "2000.08.01"]
[EventType "swiss"]
[EventRounds "9"]
[EventCountry "AUS"]
[SourceTitle "EXT 2006"]
[Source "ChessBase"]
[SourceDate "2005.11.24"]
[SourceVersion "1"]
[SourceVersionDate "2005.11.24"]
[SourceQuality "1"]

1. e4 c5 2. Nf3 Nc6 3. Bb5 g6 4. Bxc6 dxc6 5. d4 cxd4 6. Nxd4 Bg7 7. Be3 c5 8. c3 cxd4 9. Bxd4 Bxd4 10. Qxd4 Qxd4 11. cxd4 Nf6 12. Nc3 0-0 13. e5 Nd7 14. Nd5 e6 15. Nc7 Rb8 16. Rc1 b5 17. 0-0 Nb6 18. Nxb5 Ba6 0-1

[Event "ACT-ch op"]
[Site "Kambah"]
[Date "2000.08.08"]
[Round "2"]
[White "Wright, Ian"]
[Black "Wicklander, Mathew"]
[Result "1-0"]
[WhiteElo "1997"]
[BlackElo "1025"]
[PlyCount "79"]
[EventDate "2000.08.01"]
[EventType "swiss"]
[EventRounds "9"]
[EventCountry "AUS"]
[SourceTitle "EXT 2006"]
[Source "ChessBase"]
[SourceDate "2005.11.24"]
[SourceVersion "1"]
[SourceVersionDate "2005.11.24"]
[SourceQuality "1"]

1. e4 e5 2. Nf3 Nc6 3. Bb5 Nf6 4. 0-0 Bb4 5. c3 Ba5 6. Qe2 a6 7. Bxc6 bxc6 8. Nxe5 0-0 9. Nc4 Bb6 10. d3 Re8 11. Be3 d5 12. Nxb6 cxb6 13. f3 c5 14. Bg5 Bb7 15. Nd2 h6 16. Bxf6 Qxf6 17. Qf2 d4 18. c4 b5 19. f4 Rad8 20. g4 Bc8 21. Qg3 g6 22. e5 Qe6 23. h3 Bb7 24. b3 f6 25. Rae1 f5 26. gxf5 Qxf5 27. Ne4 Bxe4 28. Rxe4 bxc4 29. bxc4 Rb8 30. Qg4 Rb2 31. Rf2 Reb8 32. Qxf5 gxf5 33. Ree2 Rb1+ 34. Kh2 Rd1 35. Rd2 Rbb1 36. Rg2+ Kf7 37. Kg3 Rh1 38. Rb2 Rbe1 39. Rb7+ Kg6 40. Kh4# 1-0